| Tag |
First Indicator |
Second Indicator |
Subfields |
| LEADER |
00000cam a2200000 a 4500 |
| 001 |
in00001637021 |
| 005 |
20151023084017.0 |
| 008 |
001113r20012000nyuab 000 1 eng |
| 010 |
|
|
|a 00051254
|
| 020 |
|
|
|a 0670910236 (alk. paper)
|
| 035 |
|
|
|a (OCoLC)ocm45446468
|
| 040 |
|
|
|a DLC
|c DLC
|d UtOrBLW
|
| 043 |
|
|
|a e-uk---
|
| 049 |
|
|
|a TXAM
|
| 050 |
0 |
0 |
|a PS3552.R228
|b P75 2001
|
| 082 |
0 |
0 |
|a 813/.54
|2 21
|
| 100 |
1 |
|
|a Bradley, Marion Zimmer.
|
| 245 |
1 |
0 |
|a Priestess of Avalon /
|c Marion Zimmer Bradley and Diana L. Paxson.
|
| 250 |
|
|
|a 1st American ed.
|
| 264 |
|
1 |
|a New York :
|b Viking,
|c 2001.
|
| 300 |
|
|
|a xv, 394 pages :
|b illustrations, maps ;
|c 24 cm.
|
| 336 |
|
|
|a text
|b txt
|2 rdacontent
|
| 337 |
|
|
|a unmediated
|b n
|2 rdamedia
|
| 338 |
|
|
|a volume
|b nc
|2 rdacarrier
|
| 500 |
|
|
|a Cushing Library/Scif Coll. copy is part of the Faye Wilbur Collection.
|
| 600 |
0 |
0 |
|a Helena,
|c Saint,
|d approximately 255-approximately 330
|v Fiction.
|
| 651 |
|
0 |
|a Great Britain
|x History
|y Roman period, 55 B.C.-449 A.D.
|v Fiction.
|
| 650 |
|
0 |
|a Avalon (Legendary place)
|v Fiction.
|
| 650 |
|
0 |
|a Romans
|z Great Britain
|v Fiction.
|
| 650 |
|
0 |
|a Christian women saints
|v Fiction.
|
| 650 |
|
0 |
|a Holy Cross
|v Fiction.
|
| 655 |
|
7 |
|a Biographical fiction.
|2 gsafd
|
| 655 |
|
7 |
|a Christian fiction.
|2 gsafd
|
| 655 |
|
7 |
|a Fantasy fiction.
|2 gsafd
|
| 700 |
1 |
|
|a Paxson, Diana L.
|
| 994 |
|
|
|a E0
|b TXA
|
| 948 |
|
|
|a cataloged
|b h
|c 2001/11/13
|d c
|e ceaton
|f 11:11:27 am
|
| 999 |
|
|
|a MARS
|
| 999 |
f |
f |
|s b535b423-8750-3216-8570-efd6ee510ffe
|i 2d711356-10f0-3f6e-b356-9369b4a338a3
|t 0
|
| 952 |
f |
f |
|p normal
|a Texas A&M University
|b College Station
|c Sterling C. Evans Library
|s Evans stk
|d Evans: Library Stacks
|t 0
|e PS3552.R228 P75 2001
|h Library of Congress classification
|i unmediated -- volume
|m A14828345497
|
| 998 |
f |
f |
|a PS3552.R228 P75 2001
|t 0
|l Evans: Library Stacks
|